Statistics for Video Game Titles: Missing Words (T)

Click here to take the quiz!

General Stats

  • This quiz has been taken 20 times
  • The average score is 8 of 20

Answer Stats

Year ReleasedVideo Game% Correct
1996{Tomb} Raider
82%
1999Crash {Team} Racing
76%
2020Ghost of {Tsushima}
76%
2018Sea of {Thieves}
76%
2000Star {Trek}: Invasion
71%
1997Gran {Turismo}
65%
2019Sekiro: Shadows Die {Twice}
59%
2014{Tales} From the Borderlands
59%
2011Saints Row: The {Third}
35%
1999{Tekken} Tag Tournament
35%
2016Trackmania {Turbo}
35%
1997Final Fantasy {Tactics}
29%
1995{Time} Crisis
29%
2014Oddworld: Abe's Oddysey - New 'n' {Tasty}
24%
1998{Turok} 2: Seeds of Evil
24%
1999Planescape: {Torment}
12%
2001SSX {Tricky}
12%
1998{Tenchu}: Stealth Assassins
12%
1997{Thunder} Force V
12%
1993Day of the {Tentacle}
6%

Score Distribution

Percentile by Number Answered

Percent of People with Each Score

Your Score History

You have not taken this quiz